000 00816cam a22002533a 4500
001 25222
003 PGUSA
005 20140828083537.0
008 080428s2008||||xxu|||||s|||||000 | eng d
040 _aPGUSA
_beng
042 _adc
050 4 _aTA
100 1 _aGriffith, John Howell,
_d1868-
245 1 0 _aTransactions of the American Society of Civil Engineers, vol. LXX, Dec. 1910 :
_bThe Ultimate Load on Pile Foundations
_h[electronic resource] /
_cJohn Howell Griffith
260 _bProject Gutenberg,
_c2008
506 _aPublic domain in the USA.
516 _aElectronic text
653 _aPiling (Civil engineering)
653 _aCivil engineering -- Periodicals
653 _aFoundations
830 0 _aProject Gutenberg
_v25222
856 4 0 _uhttp://www.gutenberg.org/ebooks/25222
942 _cEB
999 _c254477
_d254477